000 00246 a2200097 4500
001 90856
082 _a954.025 MUH
090 _c43028
_d43028
100 _aMuhammad Zahid Malik
245 _aMughlon Ka Dor e Hakomat Aur Un Ka Zawaal
_cMuhammad Zahid Malik
942 _k954.025 MUH
999 _c325929
_d325929